000 00307nam a22001337a 4500
008 170808b xxu||||| |||| 00| 0 eng d
020 _a9780805826425
041 _aeng
080 _a004
100 _a33
101 _aSHKI
245 _aTEXTBOOK OF LITERACY AND TECHNOLOGY
_cREINKING, D
942 _2udc
_cBK
999 _c22869
_d22869